00758nam a2200241 a 450000100060000000300080000600500170001400800410003102000150007203500190008704000320010604100080013808200260014610000200017224500860019225000120027826000410029030000360033150000490036750400300041665000320044665100380047868547BD-RjUL20211209081802.0170403r19691967enkabe b 001 0 eng d a0416132901 a(BD-RjUL)68757 aDLCcDLCdDLCdBD-RjULbeng aeng00223a330.952bDEJ 19691 aDempster, Prue.10aJapan advances: A geographical study /cPrue Dempster ;cartography by K. J. Wass. a2nd ed. aLondon :bMethuen & Co. Ltd.,c1969. axviii, 332 p. :bill. ;c25 cm. aDistributed in the U.S.A. by Barnes & Noble. aBibliography: p. 311-321. aJapanxEconomic conditions. 0aJapanxEconomic conditionsxMaps.